01559 a2200265 4500003000500000005001700005010001700022040000900039082001400048100003000062245014000092250001200232260007300244300003800317440005900355505026200414650002900676700002600705942002300731999001900754952013800773952012100911952012201032952013901154Nust20230608144643.0 a 2003269366 cNust00a006.3,RUS1 aRussell, Stuart J.98403010aArtificial intelligence :ba modern approach / cStuart J. Russell and Peter Norvig ; contributing writers, John F. Canny ... [et al.]. a2nd ed. aUpper Saddle River, N.J. :bPrentice Hall/Pearson Education,cc2003. axxviii, 1080 p. :bill. ;c27 cm. 0aPrentice Hall series in artificial intelligence997242 aArtificial Intelligence (Page-1), Problem-Solving (Page-57), Knowledge and Reasoning (Page-192), Planning (Page-373), Uncertain Knowledge and Reasoning (Page-460), Learning (Page-647), Communicating, Perceiving and Acting (Page-788), Conclusions (Page-945). 0aArtificial intelligence.1 aNorvig, Peter.955386 2ddccBKk006.3,RUS c179610d179610 00102ddc4070aMCSbMCScGENd2016-12-12l1o006.3,RUSpMCS28810r2025-09-08s2025-08-12w2016-12-12yBKzAlmirah No.81, Shelf No.4 00102ddc4070aMCSbMCScGENd2016-12-12o006.3,RUSpMCS3134r2016-12-08w2016-12-12yBKzAlmirah No.7, Shelf No.2 00102ddc4070aMCSbMCScGENd2016-12-12o006.3,RUSpMCS37029r2016-12-08w2016-12-12yBKzAlmirah No.7, Shelf No.2 00102ddc4070aMCSbMCScGENd2023-06-08l2o006.3,RUSpMCS28938r2025-11-03s2025-10-01w2023-06-08yBKzAlmirah No.109, Shelf No.3